Bani bhugtan ki (Record no. 435138)

MARC details
000 -LEADER
fixed length control field 00524nam a2200217Ia 4500
003 - CONTROL NUMBER IDENTIFIER
control field OSt
005 - DATE AND TIME OF LATEST TRANSACTION
control field 20220924133754.0
008 - FIXED-LENGTH DATA ELEMENTS--GENERAL INFORMATION
fixed length control field 220923b |||||||| |||| 00| 0 snd d
037 ## - SOURCE OF ACQUISITION
Terms of availability Textual
040 ## - CATALOGING SOURCE
Original cataloging agency ARTS
Transcribing agency ARTS
Language of cataloging snd
041 ## - LANGUAGE CODE
Source of code snd
Language code of text/sound track or separate title snd
100 ## - MAIN ENTRY--PERSONAL NAME
Personal name Budasingh
9 (RLIN) 207308
245 #0 - TITLE STATEMENT
Title Bani bhugtan ki
260 ## - PUBLICATION, DISTRIBUTION, ETC.
Date of publication, distribution, etc. 1954
942 ## - ADDED ENTRY ELEMENTS (KOHA)
Classification part Q8441, 1593J4
Koha item type Textual
Source of classification or shelving scheme Colon Classification (CC)
Holdings
Withdrawn status Lost status Damaged status Not for loan Home library Current library Date acquired Total Checkouts Full call number Barcode Date last seen Price effective from Koha item type
        Arts Library Arts Library 2022-09-24   Q8441 1593J4 AL0264664 2022-09-24 2022-09-24 Textual
Copyright @ Delhi University Library System